| 000 | 00460nam a22001817a 4500 | ||
|---|---|---|---|
| 005 | 20260511121439.0 | ||
| 008 | 260511b |||||||| |||| 00| 0 eng d | ||
| 020 |
_a9788121912006 _c325.00 |
||
| 040 | _aMAIN | ||
| 041 | _aEnglish | ||
| 082 |
_a658.05 _bPAR |
||
| 100 |
_aParameswaran, R. _926766 |
||
| 245 | _aComputer Application in Business | ||
| 260 |
_aNoida _bS .Chand _c2024 |
||
| 300 | _a300 | ||
| 650 |
_aEconomics (PM USHA) _926774 |
||
| 942 | _cBK | ||
| 999 |
_c60748 _d60748 |
||